[Event "AUTO-INT-2473"]
[Site "http://www.queenalice.com/game.php?id=1117545"]
[Date "2012.10.31"]
[Round "1"]
[White "tomcapp"]
[Black "Kopfschmerzen"]
[Result "1-0"]
[WhiteElo "1457"]
[BlackElo "1564"]

1. e4 c6 2. Bc4 e5 3. Nf3 Qa5 4. Nc3 Nf6 5. Ng5 d5 6. exd5 cxd5 7. Bxd5 Nxd5 8.
Nxd5 Qxd5 9. Qf3 Qd6 10. Qxf7+ Kd8 11. O-O Qf6 12. Qd5+ Ke7 13. f4 h6 14. Nf3
Qd6 15. Qe4 g6 16. fxe5 Qc5+ 17. d4 Bf5 18. Qxb7+ Kd8 19. Qxa8 Qc7 20. Qd5+ Nd7
21. e6 Rh7 22. Ne5 Re7 23. exd7 Bxd7 24. Rxf8+ Re8 25. Nf7+ Ke7 26. Rxe8+ Bxe8
27. Nxh6 Qd7 28. Bg5+ Kf8 29. Qg8# 1-0

[Event "IRADA IV"]
[Site "http://www.queenalice.com/game.php?id=1118841"]
[Date "2012.11.4"]
[Round "-"]
[White "rogeriooliveira"]
[Black "Kopfschmerzen"]
[Result "0-1"]
[WhiteElo "1354"]
[BlackElo "1524"]

1. e4 c6 2. d4 d5 3. exd5 cxd5 4. Nc3 Nf6 5. Nf3 Bf5 6. Bd3 e6 7. Bxf5 Bb4 8. a3
Qa5 9. Rb1 Bd6 10. O-O O-O 11. Bg5 Nbd7 12. Bxf6 exf5 13. Bxg7 Kxg7 14. Re1 Rac8
15. Ne2 Rfe8 16. c3 b5 17. Ng3 Nf6 18. Rxe8 Nxe8 19. Qe1 b4 20. cxb4 Qb5 21.
Nh5+ Kf8 22. Rd1 Ng7 23. Rd2 Nxh5 24. Re2 Qb8 25. Ng5 Bxh2+ 26. Kh1 Bf4 27. g3
Bxg5 28. b3 f4 29. g4 f3 30. Rc2 Rxc2 31. gxh5 Re2 32. Qf1 Qf4 33. Kg1 Qxd4 34.
b5 Be3 35. b4 Bxf2+ 36. Kh2 Qh4+ 37. Qh3 Bg3+ 38. Kg1 Re1+ 39. Qf1 Qh2# 0-1

[Event "THE SCIENTIST VI"]
[Site "http://www.queenalice.com/game.php?id=1119811"]
[Date "2012.11.7"]
[Round "-"]
[White "rogeriooliveira"]
[Black "Kopfschmerzen"]
[Result "0-1"]
[WhiteElo "1319"]
[BlackElo "1548"]

1. e4 c6 2. d4 d5 3. e5 Bf5 4. Bd3 Bxd3 5. cxd3 e6 6. Nf3 Bb4+ 7. Bd2 Ba5 8.
Bxa5 Qxa5+ 9. Nbd2 Ne7 10. a3 b5 11. O-O O-O 12. Qe1 Nd7 13. Nb3 Qc7 14. Rd1 a5
15. Nbd2 b4 16. a4 c5 17. dxc5 Nxc5 18. b3 Nxd3 19. Qe2 Nxe5 20. Nxe5 Rac8 21.
Rfe1 Nf5 22. Nef3 Rfe8 23. Ng5 e5 24. Ndf3 e4 25. Nd2 Nd4 26. Qe3 Nc2 27. Re2
Nxe3 28. fxe3 Qc2 29. Ree1 Re5 30. Nh3 Rd8 31. Re2 Qxd1+ 32. Kf2 Rf5+ 33. Nf4 d4
34. exd4 Rxf4+ 35. Kg3 g5 36. Rf2 Rxf2 37. Nc4 Qxd4 38. Nb2 Qe5+ 39. Kxf2 Rd2+
40. Ke3 Rxb2 41. g3 Rxb3+ 42. Kd2 Qc3+ 43. Ke2 Rb2+ 44. Kf1 Qc1# 0-1

[Event "LADO A LADO B IX"]
[Site "http://www.queenalice.com/game.php?id=1120503"]
[Date "2012.11.9"]
[Round "-"]
[White "rogeriooliveira"]
[Black "Kopfschmerzen"]
[Result "0-1"]
[WhiteElo "1334"]
[BlackElo "1533"]

1. e4 c6 2. d4 d5 3. exd5 cxd5 4. Nc3 e6 5. Nf3 Nf6 6. Bb5+ Nc6 7. Bxc6+ bxc6 8.
O-O c5 9. Bg5 Be7 10. Bxf6 Bxf6 11. dxc5 Qe7 12. Re1 Bd7 13. Re3 Qxc5 14. Qe1
Rb8 15. Rd1 Rxb2 16. Ne2 Qxc2 17. Rd2 Qb1 18. Rxb2 Qxb2 19. Nc3 d4 20. Re4 dxc3
21. Rc4 c2 22. a4 Qb3 23. Rc5 Qxa4 24. Qc1 Be7 25. Rxc2 Ba3 26. Qd2 Bb4 27. Qd1
O-O 28. Qc1 Rc8 29. Rxc8+ Bf8 30. Rc2 a5 31. Rd2 Qf4 32. Rxd7 Qxc1+ 33. Ne1
Qxe1# 0-1

[Event "YELLOW"]
[Site "http://www.queenalice.com/game.php?id=1120843"]
[Date "2012.11.10"]
[Round "-"]
[White "rogeriooliveira"]
[Black "Kopfschmerzen"]
[Result "0-1"]
[WhiteElo "1326"]
[BlackElo "1541"]

1. e4 c6 2. d4 d5 3. e5 Bf5 4. Bd3 Bxd3 5. cxd3 e6 6. Nf3 Bb4+ 7. Bd2 a5 8. Bxb4
axb4 9. b3 Nh6 10. O-O Nf5 11. a3 Qc7 12. Nbd2 bxa3 13. Nb1 a2 14. Nc3 c5 15.
dxc5 Qxc5 16. Ng5 Qxc3 17. Re1 Nc6 18. Re2 Ncd4 19. Re1 Nxb3 20. Nf3 Nxa1 21.
Qxa1 Qxa1 22. Rxa1 O-O 23. g4 Rfc8 24. Nd2 Rc1+ 25. Nf1 Rxa1 26. Kg2 Nd4 27. Nd2
Rd1 28. Nb3 Nxb3 29. Kf3 a1=Q 30. h3 Rxd3+ 31. Ke2 Qc3 32. h4 Ra2+ 33. Kf1 Ra1+
34. Kg2 Qd2 35. g5 Qf4 36. h5 Qxg5+ 37. Kh2 Qg1# 0-1

[Event "AUTO-INT-2486"]
[Site "http://www.queenalice.com/game.php?id=1122382"]
[Date "2012.11.15"]
[Round "1"]
[White "adrian_iuga"]
[Black "Kopfschmerzen"]
[Result "0-1"]
[WhiteElo "1551"]
[BlackElo "1481"]

1. g4 d5 2. Bg2 e5 3. c4 c6 4. cxd5 cxd5 5. Qb3 Nf6 6. g5 Qc7 7. gxf6 Qxc1+ 8.
Qd1 Qxb2 9. fxg7 Bxg7 10. Nc3 e4 11. Rb1 Qa3 12. Nxd5 O-O 13. Nc7 Bd7 14. Nxa8
Rc8 15. Bxe4 Ba4 16. Bc2 Bxc2 17. Qc1 Qxa2 18. Rb2 Qxb2 19. Qxb2 Bxb2 20. Nf3
Be4 0-1

[Event "AUTO-INT-2486"]
[Site "http://www.queenalice.com/game.php?id=1122383"]
[Date "2012.11.15"]
[Round "1"]
[White "Kopfschmerzen"]
[Black "adrian_iuga"]
[Result "0-1"]
[WhiteElo "1529"]
[BlackElo "1712"]

1. d4 d5 2. c4 c6 3. Nf3 Nf6 4. e3 e6 5. Nc3 Be7 6. Be2 O-O 7. O-O Nbd7 8. Bd2
b6 9. Qc2 c5 10. cxd5 cxd4 11. Ng5 dxc3 12. bxc3 exd5 13. c4 dxc4 14. Qxc4 Bb7
15. Rac1 Bc5 16. Nxf7 Rxf7 17. Bd1 Bd5 18. Qd3 Bxa2 19. Bf3 Rc8 20. Rfe1 a5 21.
Rc2 Be6 22. Qe2 Ne5 23. Bh5 Nxh5 24. Qxh5 Rf5 25. Qe2 Bf7 26. f4 Nc6 27. g4 Rd5
28. Rb1 Nb4 29. Rcb2 Nc6 30. Kf1 Rd7 31. Be1 a4 32. Rd2 Rxd2 33. Bxd2 Rb8 34.
Bc3 Bg6 35. Rd1 Qe8 36. Qa2+ Bf7 37. Qxa4 Bxe3 38. f5 Ne5 39. Qxe8+ Rxe8 40. Ke2
Nxg4 41. h3 Bd4+ 42. Kd3 Nf2+ 43. Kc2 Nxd1 44. Bxd4 Rd8 45. Bxb6 Rd6 46. Bc7
Rc6+ 47. Kxd1 Rxc7 48. Ke2 Rc5 49. f6 g6 50. Kf3 Rg5 51. Kf4 h6 52. h4 Rg1 53.
Kf3 Be6 54. Kf4 Rh1 55. Ke5 Kf7 0-1

[Event "AUTO-INT-2486"]
[Site "http://www.queenalice.com/game.php?id=1122396"]
[Date "2012.11.15"]
[Round "1"]
[White "malouco"]
[Black "Kopfschmerzen"]
[Result "1-0"]
[WhiteElo "1576"]
[BlackElo "1544"]

1. b3 e5 2. Bb2 Nc6 3. e3 d5 4. Bb5 Nf6 5. Bxc6+ bxc6 6. Bxe5 Bd6 7. Bxd6 cxd6
8. Nf3 Ba6 9. Nd4 c5 10. Ne2 Ne4 11. Nbc3 Qg5 12. g3 Qf6 13. O-O d4 14. Nxe4 Qe5
15. d3 O-O 16. exd4 cxd4 17. c4 dxc3 18. N2xc3 Rac8 19. Qc2 d5 20. Qe2 dxe4 21.
Nxe4 Rfd8 22. Rad1 Rc3 23. Nxc3 Qxc3 24. Qe7 Rf8 25. Rc1 Qxd3 26. Rfd1 Qf3 27.
Rd8 g6 28. Qxf8# 1-0

[Event "AUTO-INT-2486"]
[Site "http://www.queenalice.com/game.php?id=1122397"]
[Date "2012.11.15"]
[Round "1"]
[White "Kopfschmerzen"]
[Black "malouco"]
[Result "1-0"]
[WhiteElo "1523"]
[BlackElo "1531"]

1. d4 b6 2. c4 Bb7 3. Nc3 e6 4. Nf3 Bb4 5. Qc2 Bxf3 6. exf3 Bxc3+ 7. Qxc3 Nf6 8.
Bd3 O-O 9. Bg5 d5 10. cxd5 Nxd5 11. Qd2 Qd6 12. O-O c5 13. Bf4 Nxf4 14. dxc5
bxc5 15. Rad1 Nxd3 16. Qxd3 Qxd3 17. Rxd3 Na6 18. Rc1 Nb4 19. Rd7 Nxa2 20. Rxc5
a5 21. b3 a4 22. Rb5 a3 23. Rd2 Nc3 24. Rc5 Nd5 25. Ra2 Rfb8 26. Rxa3 Rxa3 27.
g4 Raxb3 28. Kg2 Nf4+ 29. Kg3 Nd3 30. Rh5 Ne1 31. g5 Nxf3 32. Kg4 R8b4+ 33. Kg3
Nxg5+ 34. f3 1-0

[Event "AUTO-INT-2486"]
[Site "http://www.queenalice.com/game.php?id=1122406"]
[Date "2012.11.15"]
[Round "1"]
[White "Kopfschmerzen"]
[Black "agilulfo"]
[Result "0-1"]
[WhiteElo "1531"]
[BlackElo "1729"]

1. d4 Nf6 2. c4 g6 3. Nc3 Bg7 4. e4 d6 5. Nf3 Bg4 6. Be2 O-O 7. d5 c6 8. Qc2 a6
9. Be3 b5 10. c5 cxd5 11. exd5 dxc5 12. Rd1 Nbd7 13. d6 Re8 14. O-O exd6 15.
Rxd6 Bf8 16. Rd2 Qc7 17. Rfd1 Ne5 18. Nxe5 Bxe2 19. Rxe2 Qxe5 20. g3 Rad8 21.
Bf4 Rxd1+ 22. Qxd1 Qf5 23. Qc2 Rxe2 24. Qxe2 Nd5 25. Ne4 Nxf4 26. gxf4 Qxf4 27.
Nc3 Bg7 28. Nd5 Qg5+ 29. Kf1 Qxd5 30. b3 c4 31. bxc4 Qxc4 32. Ke1 Qxe2+ 33. Kxe2
Kf8 34. f4 f5 35. Kf3 Ke7 36. Ke3 Kd6 37. a3 Kc5 38. Kd3 b4 39. axb4+ Kxb4 40.
Kc2 a5 41. Kb1 Kb3 0-1

[Event "AUTO-INT-2486"]
[Site "http://www.queenalice.com/game.php?id=1122407"]
[Date "2012.11.15"]
[Round "1"]
[White "agilulfo"]
[Black "Kopfschmerzen"]
[Result "1-0"]
[WhiteElo "1735"]
[BlackElo "1511"]

1. d4 d5 2. c4 c6 3. Nc3 e6 4. Nf3 Nf6 5. Bg5 Be7 6. e3 c5 7. cxd5 exd5 8. Bb5+
Nc6 9. Qa4 Bd7 10. O-O O-O 11. Bxf6 Bxf6 12. Nxd5 a6 13. Nxf6+ Qxf6 14. Bd3 Qh6
15. dxc5 Rfe8 16. Rfd1 Qf6 17. b4 Ne5 18. Qc2 Nxf3+ 19. gxf3 Qxf3 20. Bxh7+ Kf8
21. Be4 Rxe4 22. Rxd7 Rg4+ 23. Kf1 Qh1+ 24. Ke2 Qxa1 25. Qh7 Qxa2+ 26. Kf3 Qe6
27. Qh8# 1-0

[Event "Game 01"]
[Site "http://www.queenalice.com/game.php?id=1129081"]
[Date "2012.12.7"]
[Round "-"]
[White "petrucci"]
[Black "Kopfschmerzen"]
[Result "0-1"]
[WhiteElo "1689"]
[BlackElo "1539"]

1. e4 c6 2. Nf3 d5 3. Be2 Nf6 4. d3 dxe4 5. dxe4 Qxd1+ 6. Bxd1 Nxe4 7. O-O e6 8.
a3 Bc5 9. Be3 Bxe3 10. fxe3 O-O 11. Nc3 Nd6 12. Be2 b5 13. Bd3 Nc4 14. Bxc4 bxc4
15. Rad1 Nd7 16. Na4 Rb8 17. Rb1 e5 18. Ng5 Nf6 19. h3 h6 20. Nf3 Bf5 21. Ne1
Ne4 22. Rxf5 Rb5 23. Nf3 f6 24. Rh5 Kh7 25. Rf1 Ng3 26. Rf2 Nxh5 0-1

[Event "AUTO-INT-2567"]
[Site "http://www.queenalice.com/game.php?id=1154899"]
[Date "2013.2.23"]
[Round "1"]
[White "ACamargo"]
[Black "Kopfschmerzen"]
[Result "1-0"]
[WhiteElo "1763"]
[BlackElo "1553"]

1. d4 d5 2. c4 c6 3. Nc3 Nf6 4. Bg5 Bf5 5. Bxf6 exf6 6. e3 Bd6 7. c5 Be7 8. h3
O-O 9. Nf3 Nd7 10. Bd3 b6 11. Bxf5 1-0

[Event "AUTO-INT-2567"]
[Site "http://www.queenalice.com/game.php?id=1154900"]
[Date "2013.2.23"]
[Round "1"]
[White "Kopfschmerzen"]
[Black "ACamargo"]
[Result "0-1"]
[WhiteElo "1561"]
[BlackElo "1755"]

1. d4 d5 2. c4 e6 3. Nc3 Nf6 4. Bg5 Be7 5. Nf3 Nc6 6. e3 h6 7. Bf4 Bb4 8. Qc2
Ne4 9. Bd3 Bxc3+ 10. bxc3 Nf6 0-1

[Event "AUTO-INT-2886"]
[Site "http://www.queenalice.com/game.php?id=1298280"]
[Date "2014.7.31"]
[Round "1"]
[White "sphagnis"]
[Black "Kopfschmerzen"]
[Result "1-0"]
[WhiteElo "1727"]
[BlackElo "1493"]

1. e4 c6 2. d4 d5 3. Nc3 Nf6 4. e5 Ne4 5. Nxe4 Bf5 6. Ng3 Bd7 7. Bd3 g6 8. h3 b6
9. Nf3 c5 10. Be3 Nc6 11. c3 Bg7 12. Bb5 1-0

[Event "AUTO-INT-2886"]
[Site "http://www.queenalice.com/game.php?id=1298281"]
[Date "2014.7.31"]
[Round "1"]
[White "Kopfschmerzen"]
[Black "sphagnis"]
[Result "0-1"]
[WhiteElo "1486"]
[BlackElo "1734"]

1. d4 d6 2. c4 e5 3. e3 Nc6 4. Qa4 Bd7 5. Qc2 exd4 6. exd4 Nxd4 7. Qd3 c5 8. Nf3
Qe7+ 9. Be2 Qxe2+ 10. Qxe2+ Nxe2 11. Kxe2 Nf6 0-1

[Event "AUTO-INT-2886"]
[Site "http://www.queenalice.com/game.php?id=1298290"]
[Date "2014.7.31"]
[Round "1"]
[White "Kopfschmerzen"]
[Black "Leovitor"]
[Result "0-1"]
[WhiteElo "1480"]
[BlackElo "1667"]

1. d4 Nf6 2. c4 e6 3. a3 b6 4. e3 Bb7 5. Bd3 c5 6. Nf3 d5 7. Nc3 cxd4 8. exd4
Be7 9. O-O O-O 10. Ne5 Nbd7 11. Re1 Nxe5 0-1

[Event "AUTO-INT-2886"]
[Site "http://www.queenalice.com/game.php?id=1298291"]
[Date "2014.7.31"]
[Round "1"]
[White "Leovitor"]
[Black "Kopfschmerzen"]
[Result "1-0"]
[WhiteElo "1676"]
[BlackElo "1471"]

1. e4 c6 2. d4 d5 3. Nc3 Nf6 4. e5 Bf5 5. exf6 exf6 6. Bf4 Bd6 7. Bxd6 Qxd6 8.
Bd3 Bxd3 9. Qxd3 O-O 10. Nge2 Re8 11. O-O Na6 12. Rad1 1-0